| 000 | 01013nam a22002177a 4500 | ||
|---|---|---|---|
| 008 | 090727t xxu||||| |||| 00| 0 eng d | ||
| 022 | _a03058298 | ||
| 082 |
_a327.05 _bMIL |
||
| 245 |
_aMillennium : _bJournal of International Studies / |
||
| 260 |
_aLondon : _bLondon School of Economics ; _bSage, _c2008- |
||
| 300 |
_av. _bill.; _c24 cm. |
||
| 310 |
_aThree times a year. _bAugust, December, May. |
||
| 505 | _aIncludes bibliographical references and index. | ||
| 650 | 0 |
_aInternational relations _vPeriodicals. _98163 |
|
| 710 | 1 |
_aLondon School of Economics and Political Science. _98164 |
|
| 856 | _uhttp://mil.sagepub.com/ | ||
| 942 |
_2ddc _cJOURNAL _s1 |
||
| 999 |
_c12432 _d12432 |
||